| 000 | 00366nam a22001217a 4500 | ||
|---|---|---|---|
| 999 |
_c581 _d581 |
||
| 005 | 20200815144230.0 | ||
| 008 | 200815b ||||| |||| 00| 0 eng d | ||
| 020 | _a582640199 | ||
| 040 | _cCML | ||
| 245 |
_aOn Heroes and Uhuru- Worship. _cMazrui, D.P. ,Ali, A. |
||
| 260 |
_aLondon _bLongman Group Ltd _c1967 |
||
| 942 |
_2ddc _cBK _e1st Edition _h1967 _mMAZ |
||